Statistics for All Norwegian Cities

Click here to take the quiz!

General Stats

  • This quiz has been taken 692 times
  • The average score is 26 of 107

Answer Stats

FylkeAnswer% Correct
OsloOslo
98%
VestlandBergen
91%
TrøndelagTrondheim
85%
Troms og FinnmarkTromsø
76%
RogalandStavanger
74%
AgderKristiansand
63%
InnlandetLillehammer
62%
NordlandBodø
55%
Møre og RomsdalÅlesund
52%
VikenDrammen
50%
Møre og RomsdalMolde
46%
Troms og FinnmarkHammerfest
45%
NordlandNarvik
45%
Møre og RomsdalKristiansund
44%
InnlandetHamar
43%
VikenFredrikstad
40%
VikenSki
39%
Troms og FinnmarkAlta
37%
NordlandMo i Rana
37%
RogalandHaugesund
36%
Vestfold og TelemarkSkien
36%
Troms og FinnmarkKirkenes
35%
AgderArendal
34%
VikenLillestrøm
34%
RogalandSandnes
33%
VikenSarpsborg
33%
VikenMoss
31%
Vestfold og TelemarkTønsberg
31%
VikenHalden
30%
VikenKongsberg
30%
Vestfold og TelemarkPorsgrunn
30%
Vestfold og TelemarkSandefjord
30%
Vestfold og TelemarkLarvik
29%
InnlandetGjøvik
27%
AgderGrimstad
27%
InnlandetKongsvinger
26%
AgderMandal
26%
Troms og FinnmarkHarstad
25%
TrøndelagSteinkjer
23%
InnlandetElverum
22%
TrøndelagNamsos
22%
AgderRisør
22%
Troms og FinnmarkVadsø
22%
Troms og FinnmarkVardø
22%
RogalandEgersund
21%
VestlandFlorø
21%
VestlandFørde
21%
NordlandMosjøen
21%
TrøndelagRøros
21%
VikenHønefoss
20%
TrøndelagLevanger
20%
RogalandBryne
19%
AgderFlekkefjord
19%
VikenJessheim
19%
AgderLillesand
19%
NordlandBrønnøysund
18%
Vestfold og TelemarkHorten
18%
VestlandOdda
18%
NordlandSvolvær
18%
VikenAskim
17%
Vestfold og TelemarkKragerø
17%
TrøndelagStjørdalshalsen
17%
Møre og RomsdalÅndalsnes
16%
NordlandFauske
16%
AgderLyngdal
16%
Vestfold og TelemarkNotodden
16%
VikenSandvika
16%
AgderTvedestrand
16%
Møre og RomsdalUlsteinvik
16%
VikenDrøbak
15%
InnlandetOtta
15%
NordlandSortland
15%
Troms og FinnmarkHonningsvåg
14%
Troms og FinnmarkBardufoss
13%
TrøndelagOrkanger
13%
Vestfold og TelemarkRjukan
13%
Vestfold og TelemarkHolmestrand
12%
InnlandetRaufoss
12%
NordlandSandnessjøen
12%
AgderFarsund
11%
VikenHokksund
11%
RogalandSauda
11%
VestlandStord
11%
InnlandetBrumunddal
10%
Troms og FinnmarkFinnsnes
10%
RogalandJørpeland
10%
RogalandKopervik
10%
NordlandLeknes
10%
VestlandMåløy
10%
InnlandetMoelv
10%
VikenMysen
10%
TrøndelagRørvik
10%
NordlandStokmarknes
10%
InnlandetVinstra
10%
InnlandetFagernes
9%
Vestfold og TelemarkStathelle
9%
Vestfold og TelemarkStavern
9%
RogalandÅkrehamn
8%
RogalandSkudeneshavn
8%
TrøndelagBrekstad
7%
Vestfold og TelemarkBrevik
7%
TrøndelagKolvereid
7%
Vestfold og TelemarkLangesund
7%
VikenSvelvik
7%
TrøndelagVerdalsøra
7%
Møre og RomsdalFosnavåg
5%
Vestfold og TelemarkÅsgårdstrand
3%

Score Distribution

Percentile by Number Answered

Percent of People with Each Score

Your Score History

You have not taken this quiz